| 000 | 00358nam a22001217a 4500 | ||
|---|---|---|---|
| 020 | _a8122414133 | ||
| 082 |
_222 _a620.191 |
||
| 100 | _aReddy, E Saibaba and Sastri, K. Rama. | ||
| 245 | _aMeasurement of engineering properties of soils / | ||
| 260 |
_aNew Delhi, _bNe Age International, _cc2002. |
||
| 300 |
_aviii, 229 p. ; _bill. ; _c22 cm. |
||
| 942 |
_2ddc _cCIVIL |
||
| 999 |
_c316 _d316 |
||